ARRUPE JESUIT UNIVERSITY

CORONAVIRUS -STOP THE SPREAD - CLEAN,DISINFECT,COVER

Kant's cosmopolilitan ideal of peace and its implications on commerce and international trade: with special reference to Zimbabwe and WTO (Record no. 129845)

MARC details
000 -LEADER
fixed length control field 00628nam a22001697a 4500
008 - FIXED-LENGTH DATA ELEMENTS--GENERAL INFORMATION
fixed length control field 190919b ||||| |||| 00| 0 eng d
050 ## - LIBRARY OF CONGRESS CALL NUMBER
Classification number SPC. DT1.T50 D329
100 ## - MAIN ENTRY--PERSONAL NAME
Personal name Dekwende, Trust
9 (RLIN) 48160
245 ## - TITLE STATEMENT
Title Kant's cosmopolilitan ideal of peace and its implications on commerce and international trade: with special reference to Zimbabwe and WTO
Statement of responsibility, etc Trust Dekwende
260 ## - PUBLICATION, DISTRIBUTION, ETC. (IMPRINT)
Place of publication, distribution, etc Harare
Name of publisher, distributor, etc Arrupe College
Date of publication, distribution, etc 2014
300 ## - PHYSICAL DESCRIPTION
Extent iii, 125p. ;
Dimensions 31cm.
500 ## - GENERAL NOTE
General note Thesis
600 ## - SUBJECT ADDED ENTRY--PERSONAL NAME
Personal name Kant, Immanual
9 (RLIN) 48161
650 ## - SUBJECT ADDED ENTRY--TOPICAL TERM
Topical term or geographic name as entry element Economics
General subdivision Ethical aspects
9 (RLIN) 48162
651 ## - SUBJECT ADDED ENTRY--GEOGRAPHIC NAME
Geographic name Zimbabwe
General subdivision Economic conditions
9 (RLIN) 11115
942 ## - ADDED ENTRY ELEMENTS (KOHA)
Source of classification or shelving scheme Library of Congress Classification
Item type SPC
Holdings
Withdrawn status Lost status Source of classification or shelving scheme Damaged status Not for loan Collection code Home library Current library Shelving location Date acquired Total Checkouts Full call number Barcode Date last seen Price effective from Koha item type
    Library of Congress Classification     SPECIAL Collection ARRUPE LIBRARY ARRUPE LIBRARY REFERENCE 19/09/2019   SPC. DT1.T50 D329 46600003004 19/09/2019 19/09/2019 SPC

 

Arrupe Library. PO Box MP320 Mt Pleasant, Harare, Zimbabwe
263 242 745411|librarian@aju.ac.zw